| 000 | 01313nam a2200349Ia 4500 | ||
|---|---|---|---|
| 001 | ebr10726718 | ||
| 003 | CaPaEBR | ||
| 006 | m o u | ||
| 007 | cr cn||||||||| | ||
| 008 | 130513s2013 si a sb 001 0 eng d | ||
| 010 | _z 2013016714 | ||
| 020 | _z9781118716359 (cloth) | ||
| 020 | _z9781118716595 (ebook) | ||
| 040 |
_aCaPaEBR _cCaPaEBR |
||
| 035 | _a(OCoLC)843228804 | ||
| 050 | 1 | 4 |
_aTJ163.25.C6 _bL58 2013eb |
| 082 | 0 | 4 |
_a333.790951 _223 |
| 100 | 1 |
_aLiu, Zhenya, _d1964- |
|
| 245 | 1 | 0 |
_aElectric power and energy in China _h[electronic resource] / _cZhenya Liu. |
| 260 |
_aSingapore : _bJohn Wiley & Sons, Inc., _c2013. |
||
| 300 |
_axv, 381 p. : _bill. |
||
| 504 | _aIncludes bibliographical references and index. | ||
| 533 |
_aElectronic reproduction. _bPalo Alto, Calif. : _cebrary, _d2013. _nAvailable via World Wide Web. _nAccess may be limited to ebrary affiliated libraries. |
||
| 650 | 0 |
_aElectric power _zChina. |
|
| 650 | 0 |
_aElectrification _zChina. |
|
| 650 | 0 |
_aEnergy consumption _zChina. |
|
| 650 | 0 |
_aEnergy development _zChina. |
|
| 650 | 0 |
_aPower resources _zChina. |
|
| 655 | 7 |
_aElectronic books. _2local |
|
| 710 | 2 | _aebrary, Inc. | |
| 856 | 4 | 0 |
_uhttp://site.ebrary.com/lib/rucke/Doc?id=10726718 _zAn electronic book accessible through the World Wide Web; click to view |
| 999 |
_c38467 _d38467 |
||